Grab Bag: 4-10 Letters Quiz Stats

 Plays Quiz Updated Jul 2, 2018

Challenge
Share
Tweet
Embed
Score 0/56 Timer 08:00
5 Plays Today
Category Answer % Correct
Numbers (1-30)Five...
94.8%
Numbers (1-30)Three...
94.4%
CountriesAngola...
94.4%
Numbers (1-30)Eleven...
94%
CountriesBenin...
93.6%
US StatesCalifornia...
93%
Numbers (1-30)Thirteen...
91.3%
US StatesIowa...
91%
US StatesAlabama...
91%
US PresidentsEisenhower...
90.9%
CapitalsAddis Ababa...
90.9%
US PresidentsBush...
90.5%
CountriesAlbania...
90.3%
CountriesChad...
89.8%
ElementsCarbon...
89.6%
US PresidentsAdams...
89.5%
US StatesIdaho...
89.3%
Numbers (1-30)Seventeen...
89.1%
US PresidentsClinton...
88.4%
ElementsGold...
87.8%
US StatesArkansas...
86.5%
US StatesAlaska...
84.4%
Numbers (1-30)Fifteen...
83.5%
CapitalsAnkara...
83.3%
US PresidentsArthur...
79.4%
Numbers (1-30)Twenty-four...
78.9%
CapitalsAbuja...
78.5%
CountriesArgentina...
77.5%
Category Answer % Correct
ElementsActinium...
77.1%
US StatesLouisiana...
77%
CountriesBarbados...
75%
Disney/PixarZootopia...
74.3%
CapitalsApia...
73.6%
US PresidentsCleveland...
71.5%
CountriesKyrgyzstan...
67%
ElementsArgon...
62.9%
Disney/PixarBambi...
60.5%
ElementsArsenic...
59.9%
CapitalsAbu Dhabi...
57.1%
ElementsAluminium...
57.1%
Disney/PixarBolt...
56.1%
Disney/PixarAristocats...
55.9%
US PresidentsBuchanan...
54.2%
CapitalsBaghdad...
48%
Oscar Best PictureTitanic...
46%
CapitalsAmsterdam...
43.4%
Disney/PixarPinocchio...
43.2%
Disney/PixarAladdin...
36.8%
Oscar Best PictureBraveheart...
33.7%
Oscar Best PictureRocky...
32.7%
Oscar Best PictureGigi...
30.3%
Oscar Best PictureGladiator...
28%
Oscar Best PictureBen-Hur...
26.4%
Disney/PixarTarzan...
20%
ElementsDysprosium...
17.6%
Oscar Best PictureCimarron...
10.7%

You're not logged in!

Compare scores with friends on all Sporcle quizzes.
Join for Free
OR
Log In

You Might Also Like...

Show Comments

Extras

Top Quizzes Today


Score Distribution

Your Account Isn't Verified!

In order to create a playlist on Sporcle, you need to verify the email address you used during registration. Go to your Sporcle Settings to finish the process.

Report this User

Report this user for behavior that violates our Community Guidelines.

Details: